000 00731nam a2200241Ia 4500
003 OSt
005 20220928124049.0
006 a|||||r|||| 00| 0
007 ta
008 220927b |||||||| |||| 00| 0 eng d
024 _a43352
037 _cTextual
040 _aSDCL
_cSDCL
_beng
041 _2eng
_aeng
082 _aX:54:(Z), N6
100 _aWhalley Michael Ed.
_9463244
245 0 _aInternational business acquisitions
_b Major legal issues and due diligence
260 _aLondon
_bKluwer Law International
_c1996
300 _axv,376p
_ccm.
700 _a Heymann Thomas Ed.
_9463245
942 _hX:54:(Z), N6
_cTEXL
_2CC
999 _c776180
_d776180